[Event "GBR-ch 103th"]
[Site "Bournemouth"]
[Date "2016.07.30"]
[Round "6.1"]
[White "Jones, Gawain CB"]
[Black "Howell, David WL"]
[Result "1/2-1/2"]
[WhiteElo "2650"]
[BlackElo "2663"]
[PlyCount "139"]
[EventDate "2016.07.25"]
[EventType "swiss"]
[EventRounds "11"]
[EventCountry "GBR"]

1. c4 Nf6 2. Nc3 e6 3. e4 d5 4. cxd5 exd5 5. e5 Ne4 6. Nf3 Bf5 7. d4 Bb4 8.
Qa4+ Nc6 9. Bb5 O-O 10. Bxc6 Bxc3+ 11. bxc3 bxc6 12. Qxc6 Rb8 13. c4 Be6 14.
cxd5 Bxd5 15. Qc2 c5 16. O-O cxd4 17. Qd3 Nc5 18. Qxd4 Ne6 19. Qd3 Ba8 20. Qxd8
Rfxd8 21. Be3 Rb2 22. a3 a5 23. Rfd1 Rxd1+ 24. Rxd1 Be4 25. Nd2 Bc2 26. Nc4 Ra2
27. Rc1 g5 28. h4 h6 29. Nxa5 Rxa3 30. Nb7 Rb3 31. Nd6 Rb1 32. Rxb1 Bxb1 33.
Ne8 gxh4 34. Kh2 Kh7 35. Kh3 Ng7 36. Nf6+ Kg6 37. Kxh4 Nf5+ 38. Kg4 Nxe3+ 39.
fxe3 Bf5+ 40. Kf4 Be6 41. g4 Bb3 42. Kg3 Bc2 43. Kh4 Kg7 44. Nd5 Be4 45. Ne7
Bd3 46. Kh5 Bg6+ 47. Kh4 Bd3 48. Kg3 Kf8 49. Nd5 Kg7 50. Nf4 Bc4 51. Kh4 Bb3
52. Kh5 Ba2 53. Ne2 Bb1 54. Nd4 Bg6+ 55. Kh4 Bb1 56. e6 fxe6 57. Nxe6+ Kf6 58.
Nd4 Bg6 59. Nf3 Be8 60. Nd2 Ke5 61. Kg3 h5 62. g5 Kf5 63. Kh4 Bg6 64. e4+ Kf4
65. Nf1 Kxe4 66. Ng3+ Kf4 67. Nxh5+ Kf5 68. Ng7+ Kf4 69. Ne6+ Kf5 70. Ng7+
1/2-1/2

[Event "GBR-ch 103th"]
[Site "Bournemouth"]
[Date "2016.07.30"]
[Round "6.2"]
[White "Adams, Michael"]
[Black "Tan, Justin"]
[Result "1-0"]
[WhiteElo "2727"]
[BlackElo "2438"]
[PlyCount "69"]
[EventDate "2016.07.25"]
[EventType "swiss"]
[EventRounds "11"]
[EventCountry "GBR"]

1. e4 e5 2. Nf3 Nc6 3. Bb5 a6 4. Ba4 Nf6 5. O-O Be7 6. Re1 b5 7. Bb3 d6 8. c3
O-O 9. h3 Nb8 10. d4 Nbd7 11. Nbd2 Bb7 12. Bc2 Re8 13. Nf1 Bf8 14. Ng3 g6 15.
a4 Nb6 16. b3 bxa4 17. bxa4 a5 18. Bd3 Qc8 19. Bg5 Bg7 20. Qc1 Bc6 21. Bc2 Nfd7
22. Bb3 d5 23. Nxe5 Nxe5 24. dxe5 Bxe5 25. f4 Bg7 26. e5 Rb8 27. Qd2 Qd7 28.
Qd4 Nc8 29. Bd1 f6 30. Bxf6 Bxf6 31. Bg4 Qe7 32. exf6 Qxe1+ 33. Rxe1 Rxe1+ 34.
Kf2 Re8 35. Qc5 1-0

[Event "GBR-ch 103th"]
[Site "Bournemouth"]
[Date "2016.07.30"]
[Round "6.3"]
[White "Palliser, Richard JD"]
[Black "Pert, Nicholas"]
[Result "1/2-1/2"]
[WhiteElo "2422"]
[BlackElo "2570"]
[PlyCount "58"]
[EventDate "2016.07.25"]
[EventType "swiss"]
[EventRounds "11"]
[EventCountry "GBR"]

1. d4 d5 2. c4 c6 3. Nf3 Nf6 4. Nc3 dxc4 5. a4 Bf5 6. Ne5 Qc7 7. g3 Na6 8. Bg2
Rd8 9. O-O g6 10. e4 Be6 11. Bf4 Qc8 12. d5 Bh3 13. Bxh3 Qxh3 14. Qd4 Bg7 15.
Qxc4 cxd5 16. Nxd5 Nxd5 17. exd5 O-O 18. Rad1 Rc8 19. Nc6 Qd7 20. Rc1 Bxb2 21.
Rc2 Bf6 22. Rfc1 g5 23. Be3 Qf5 24. Qb5 bxc6 25. Qxa6 Qxd5 26. Rxc6 Rxc6 27.
Qxc6 Qxc6 28. Rxc6 a5 29. Rc5 Ra8 1/2-1/2

[Event "GBR-ch 103th"]
[Site "Bournemouth"]
[Date "2016.07.30"]
[Round "6.4"]
[White "Emms, John M"]
[Black "Eggleston, David J"]
[Result "0-1"]
[WhiteElo "2467"]
[BlackElo "2376"]
[PlyCount "96"]
[EventDate "2016.07.25"]
[EventType "swiss"]
[EventRounds "11"]
[EventCountry "GBR"]

1. d4 Nf6 2. c4 e6 3. Nc3 Bb4 4. e3 O-O 5. Bd3 d5 6. Nf3 c5 7. O-O cxd4 8. exd4
dxc4 9. Bxc4 b6 10. Qe2 Bb7 11. Rd1 Bxc3 12. bxc3 Nbd7 13. Bb3 Qc7 14. c4 Rfe8
15. Bb2 Nh5 16. Qe3 Nf4 17. a4 Nf6 18. h3 a5 19. Re1 Ng6 20. Rac1 Bc6 21. Ne5
Nxe5 22. Qxe5 Qd7 23. Qg3 Ne4 24. Qf4 e5 25. dxe5 Nc5 26. Bc2 Bxa4 27. Bb1 Ne6
28. Qg3 Qd2 29. Bc3 Qh6 30. Rf1 Qf4 31. Qd3 g6 32. g3 Qh6 33. h4 Bc6 34. f4 Nc5
35. Qe3 a4 36. Bb4 Qh5 37. f5 Qg4 38. Kh2 a3 39. Rf2 a2 40. Bxa2 Ne4 41. fxg6
hxg6 42. Rb2 Rxe5 43. Qf4 Qe6 44. Re1 Ng5 45. hxg5 Rxe1 46. Bxe1 Qxe1 47. Kh3
Qh1+ 48. Rh2 Bg2+ 0-1

[Event "GBR-ch 103th"]
[Site "Bournemouth"]
[Date "2016.07.30"]
[Round "6.5"]
[White "Hebden, Mark L"]
[Black "Willmoth, Robert F"]
[Result "1-0"]
[WhiteElo "2509"]
[BlackElo "2189"]
[PlyCount "66"]
[EventDate "2016.07.25"]
[EventType "swiss"]
[EventRounds "11"]
[EventCountry "GBR"]

1. d4 d6 2. e4 Nf6 3. Nc3 c6 4. f4 Qa5 5. Bd2 e5 6. Nf3 exd4 7. Nxd4 Qb6 8. Nf3
Be7 9. Bd3 Na6 10. e5 dxe5 11. fxe5 Ng4 12. Qe2 Nb4 13. Be4 Bd7 14. a3 Na6 15.
h3 Nh6 16. O-O-O O-O-O 17. g4 Nc5 18. Bxh6 gxh6 19. Bf5 Be6 20. Rxd8+ Qxd8 21.
Rd1 Qc7 22. Qe3 b5 23. Qxh6 a5 24. Qg7 Re8 25. Qxf7 Rf8 26. Qh5 b4 27. Nb1 Qb6
28. Nd4 Bxf5 29. gxf5 Na4 30. f6 bxa3 31. Qg4+ Kb8 32. fxe7 Rh8 33. bxa3 Qb2+
1-0

[Event "GBR-ch 103th"]
[Site "Bournemouth"]
[Date "2016.07.30"]
[Round "6.6"]
[White "Gormally, Daniel W"]
[Black "Claridge-Hansen, William"]
[Result "1-0"]
[WhiteElo "2494"]
[BlackElo "2299"]
[PlyCount "63"]
[EventDate "2016.07.25"]
[EventType "swiss"]
[EventRounds "11"]
[EventCountry "GBR"]

1. e4 c5 2. Nc3 g6 3. f4 Bg7 4. Nf3 Nc6 5. Bb5 Nd4 6. O-O a6 7. Bd3 d6 8. Nxd4
cxd4 9. Ne2 Nf6 10. c3 dxc3 11. bxc3 O-O 12. Bc2 Bd7 13. h3 Qa5 14. d3 Rac8 15.
Bd2 Ne8 16. Kh1 f5 17. exf5 Bxf5 18. a4 Kh8 19. Rb1 Qd5 20. Rf3 e5 21. Ng3 exf4
22. Nxf5 Rxf5 23. Bb3 Qc6 24. Be6 Rf8 25. Bxc8 Qxc8 26. Rxf4 Rxf4 27. Bxf4 Bxc3
28. Rc1 Qf5 29. Qg4 Qf6 30. Bg5 Qe5 31. Bh6 Qe7 32. d4 1-0

[Event "GBR-ch 103th"]
[Site "Bournemouth"]
[Date "2016.07.30"]
[Round "6.7"]
[White "Arkell, Keith C"]
[Black "Asenov, Pavel"]
[Result "1-0"]
[WhiteElo "2455"]
[BlackElo "2250"]
[PlyCount "95"]
[EventDate "2016.07.25"]
[EventType "swiss"]
[EventRounds "11"]
[EventCountry "GBR"]

1. d4 Nf6 2. Nf3 e6 3. c4 b6 4. a3 Bb7 5. Nc3 d5 6. cxd5 Nxd5 7. Bg5 Nxc3 8.
bxc3 Be7 9. Bxe7 Qxe7 10. e3 O-O 11. Be2 c5 12. O-O Nc6 13. Qb1 Rac8 14. Rd1
Rfd8 15. Bd3 h6 16. Bh7+ Kh8 17. Be4 Kg8 18. a4 cxd4 19. cxd4 Na5 20. Bxb7 Qxb7
21. h3 Rc3 22. Qb4 Rdc8 23. Rab1 Qd5 24. Qb5 Qxb5 25. axb5 Nc4 26. Rb4 Nd6 27.
Rbb1 Rc2 28. d5 exd5 29. Rxd5 Ne4 30. Nd4 Rc1+ 31. Rxc1 Rxc1+ 32. Kh2 Nxf2 33.
Rd8+ Kh7 34. Rd7 Nd1 35. Rxf7 Nxe3 36. Rxa7 Rd1 37. Ne6 Rb1 38. Rxg7+ Kh8 39.
Rg6 Rxb5 40. Rxh6+ Kg8 41. g4 Rb3 42. Rf6 b5 43. g5 Nd5 44. Rf5 Nc3 45. g6 Rb2+
46. Kh1 Rb1+ 47. Kg2 Rb2+ 48. Kf3 1-0

[Event "GBR-ch 103th"]
[Site "Bournemouth"]
[Date "2016.07.30"]
[Round "6.8"]
[White "Osborne, Marcus E"]
[Black "Pert, Richard G"]
[Result "1/2-1/2"]
[WhiteElo "2244"]
[BlackElo "2441"]
[PlyCount "103"]
[EventDate "2016.07.25"]
[EventType "swiss"]
[EventRounds "11"]
[EventCountry "GBR"]

1. d4 d5 2. c4 e6 3. Nf3 Nf6 4. Nc3 Bb4 5. Qa4+ Nc6 6. Bg5 dxc4 7. e3 Bd7 8.
Qc2 b5 9. a3 Bxc3+ 10. bxc3 Rb8 11. a4 a6 12. Ne5 h6 13. Nxd7 Qxd7 14. Bxf6
gxf6 15. Be2 f5 16. O-O Ne7 17. f3 c5 18. Rfd1 Qc7 19. axb5 axb5 20. Qd2 O-O
21. e4 cxd4 22. Qxd4 Rfd8 23. Qf6 Rxd1+ 24. Rxd1 Ng6 25. exf5 Qc5+ 26. Kf1 Qxf5
27. Qxf5 exf5 28. Rb1 Ne5 29. f4 Nd7 30. Kf2 Nc5 31. Bxc4 Ne4+ 32. Ke3 Nxc3 33.
Rb4 Rd8 34. Bb3 Nd5+ 35. Bxd5 Rxd5 36. Rd4 Rc5 37. Kd2 Kg7 38. Rd6 Rc4 39. Ke3
Re4+ 40. Kf3 Rb4 41. Rb6 Rb2 42. Kg3 Rb3+ 43. Kh4 Rb2 44. h3 b4 45. g4 fxg4 46.
Kxg4 b3 47. Kf5 Rb1 48. h4 b2 49. Rb7 Kg8 50. Rb8+ Kg7 51. Rb7 h5 52. Rb8
1/2-1/2

[Event "GBR-ch 103th"]
[Site "Bournemouth"]
[Date "2016.07.30"]
[Round "6.9"]
[White "Lyell, Mark"]
[Black "Ward, Chris G"]
[Result "0-1"]
[WhiteElo "2238"]
[BlackElo "2437"]
[PlyCount "43"]
[EventDate "2016.07.25"]
[EventType "swiss"]
[EventRounds "11"]
[EventCountry "GBR"]

1. e4 c5 2. c3 d5 3. exd5 Qxd5 4. d4 Nf6 5. Nf3 Nc6 6. Be3 Bg4 7. c4 Qh5 8. d5
Nd4 9. Bxd4 cxd4 10. Be2 e5 11. dxe6 O-O-O 12. Qb3 Qa5+ 13. Nbd2 Ne4 14. Qb5
Bb4 15. Qxa5 Bxa5 16. a3 Bxf3 17. gxf3 Bxd2+ 18. Kd1 Nxf2+ 19. Kxd2 Nxh1 20.
Rxh1 fxe6 21. Rg1 g6 22. Bd3 0-1

[Event "GBR-ch 103th"]
[Site "Bournemouth"]
[Date "2016.07.30"]
[Round "6.10"]
[White "Coleman, David J"]
[Black "Wells, Peter K"]
[Result "0-1"]
[WhiteElo "2181"]
[BlackElo "2419"]
[PlyCount "40"]
[EventDate "2016.07.25"]
[EventType "swiss"]
[EventRounds "11"]
[EventCountry "GBR"]

1. e4 e5 2. Nf3 Nc6 3. d4 exd4 4. Bc4 Nf6 5. e5 Ne4 6. Bd5 Nc5 7. O-O Be7 8.
Nxd4 Nxe5 9. Nf5 Bf6 10. f4 Nc6 11. Qg4 d6 12. Nxg7+ Kf8 13. Qh5 Qe7 14. Bxc6
bxc6 15. Nf5 Bxf5 16. Qxf5 Bd4+ 17. Kh1 Qe2 18. Nd2 Re8 19. c3 Rg8 20. Qh3 Nd3
0-1

[Event "GBR-ch 103th"]
[Site "Bournemouth"]
[Date "2016.07.30"]
[Round "6.11"]
[White "Houska, Jovanka"]
[Black "Payne, Matthew J"]
[Result "1-0"]
[WhiteElo "2386"]
[BlackElo "2040"]
[PlyCount "51"]
[EventDate "2016.07.25"]
[EventType "swiss"]
[EventRounds "11"]
[EventCountry "GBR"]

1. d4 Nf6 2. Nf3 g6 3. c4 Bg7 4. g3 c5 5. Bg2 cxd4 6. Nxd4 O-O 7. O-O d5 8.
cxd5 Nxd5 9. Nc3 Nxc3 10. bxc3 Qa5 11. Qb3 Nc6 12. e3 Nxd4 13. cxd4 Bf6 14. a4
a6 15. Ba3 Rb8 16. Bb4 Qh5 17. Rfc1 Bh3 18. Rc5 Qg4 19. Bd5 b6 20. Rc7 Rbc8 21.
f3 Qg5 22. Rxc8 Rxc8 23. Bxf7+ Kg7 24. Rd1 Rc2 25. Qxc2 Qxe3+ 26. Qf2 1-0

[Event "GBR-ch 103th"]
[Site "Bournemouth"]
[Date "2016.07.30"]
[Round "6.12"]
[White "Batchelor, Peter J"]
[Black "Waddington, Mike P"]
[Result "1-0"]
[WhiteElo "2341"]
[BlackElo "2018"]
[PlyCount "107"]
[EventDate "2016.07.25"]
[EventType "swiss"]
[EventRounds "11"]
[EventCountry "GBR"]

1. Nf3 Nf6 2. d4 e6 3. c4 Bb4+ 4. Nbd2 b6 5. g3 Bb7 6. Bg2 O-O 7. O-O d5 8. Ne5
Bd6 9. b3 a5 10. Bb2 a4 11. Qc2 a3 12. Bc3 Na6 13. Rad1 Nb4 14. Qb1 Ra7 15. Nd3
Nxd3 16. Qxd3 Qa8 17. f3 Rd8 18. e4 Bf8 19. Qe3 c5 20. cxd5 exd5 21. e5 Nd7 22.
f4 Re8 23. Rfe1 Bc6 24. Qf2 Rc7 25. Nf3 Nb8 26. f5 Na6 27. f6 g6 28. Bh3 Bd7
29. Bxd7 Rxd7 30. Ng5 Nc7 31. Qe2 Qc6 32. h4 h6 33. Nh3 Ne6 34. Nf4 cxd4 35.
Bd2 Nxf4 36. gxf4 Qe6 37. Qf3 Qf5 38. Kg2 Rc8 39. h5 Rc2 40. hxg6 Bb4 41. gxf7+
Rxf7 42. Kh1 Bxd2 43. Qg2+ Kh7 44. Rxd2 Rc3 45. Kg1 Qxf4 46. Rf2 Qh4 47. Qxd5
Rg3+ 48. Rg2 Rxg2+ 49. Kxg2 Qg4+ 50. Kf2 Qh4+ 51. Ke2 Rc7 52. Qf3 Qh2+ 53. Kf1
h5 54. f7 1-0

[Event "GBR-ch 103th"]
[Site "Bournemouth"]
[Date "2016.07.30"]
[Round "6.13"]
[White "Hill, Alistair"]
[Black "Fodor, Tamas Jr"]
[Result "0-1"]
[WhiteElo "2257"]
[BlackElo "2505"]
[PlyCount "116"]
[EventDate "2016.07.25"]
[EventType "swiss"]
[EventRounds "11"]
[EventCountry "GBR"]

1. Nf3 d5 2. g3 Nf6 3. Bg2 e6 4. O-O c5 5. c4 d4 6. e3 Nc6 7. exd4 cxd4 8. d3
Bd6 9. a3 a5 10. Bg5 h6 11. Bxf6 Qxf6 12. Nbd2 Qd8 13. Ne4 Be7 14. c5 f5 15.
Nd6+ Bxd6 16. cxd6 Qxd6 17. Nd2 O-O 18. f4 b5 19. Qb3 Rb8 20. Rac1 Bd7 21. Qc2
Rb6 22. Nb3 a4 23. Qc5 Qxc5 24. Nxc5 Nb8 25. Nxd7 Nxd7 26. Rc7 Nf6 27. Rfc1 Rf7
28. R7c6 Rxc6 29. Rxc6 Re7 30. Rc5 Re8 31. Bb7 Rb8 32. Rc8+ Rxc8 33. Bxc8 Kf7
34. Ba6 Nd7 35. Bxb5 Nc5 36. Kf2 g5 37. Kf3 Kf6 38. Bc4 e5 39. fxe5+ Kxe5 40.
g4 f4 41. Bb5 Kf6 42. Ke2 h5 43. h3 hxg4 44. hxg4 Ke5 45. Kf3 Kd6 46. Ke2 Kc7
47. Bc4 Kb6 48. Bd5 Nd7 49. b4 axb3 50. Bxb3 Ne5 51. Be6 Ka5 52. Bf5 Ka4 53.
Kd2 Kxa3 54. Be6 Kb2 55. Bf5 Nc6 56. Be4 Na5 57. Bd5 Nb3+ 58. Ke2 Kc3 0-1

[Event "GBR-ch 103th"]
[Site "Bournemouth"]
[Date "2016.07.30"]
[Round "6.14"]
[White "Wall, Tim P"]
[Black "Kolbus, Dietmar"]
[Result "0-1"]
[WhiteElo "2162"]
[BlackElo "2315"]
[PlyCount "50"]
[EventDate "2016.07.25"]
[EventType "swiss"]
[EventRounds "11"]
[EventCountry "GBR"]

1. d4 Nf6 2. Bf4 c5 3. d5 Qb6 4. Nc3 Qxb2 5. Bd2 Qb6 6. e4 d6 7. f4 Nbd7 8. Nf3
a6 9. Bc4 Qc7 10. a4 Nb6 11. Ba2 Nxa4 12. Qe2 Nxc3 13. Bxc3 Bd7 14. e5 Bb5 15.
Bc4 Bxc4 16. Qxc4 Nd7 17. O-O b5 18. Qe4 Nb6 19. Ng5 h6 20. Nh7 Qb7 21. Rfd1
dxe5 22. fxe5 e6 23. Ba5 Nc4 24. Qg4 Ne3 25. Qh5 Rxh7 0-1

[Event "GBR-ch 103th"]
[Site "Bournemouth"]
[Date "2016.07.30"]
[Round "6.15"]
[White "Duncan, Chris R"]
[Black "Gill, Oliver"]
[Result "1/2-1/2"]
[WhiteElo "2292"]
[BlackElo "2102"]
[PlyCount "41"]
[EventDate "2016.07.25"]
[EventType "swiss"]
[EventRounds "11"]
[EventCountry "GBR"]

1. d4 Nc6 2. Nf3 d5 3. c4 Bg4 4. Nc3 e6 5. cxd5 exd5 6. Bf4 Bxf3 7. gxf3 Bd6 8.
Bg3 Nge7 9. e3 h5 10. a3 h4 11. Bxd6 Qxd6 12. Bh3 Nd8 13. Rc1 c6 14. f4 Ne6 15.
Rg1 g6 16. Qd3 Ng7 17. Na4 Ngf5 18. b4 b6 19. Rc3 Qf6 20. Ke2 Nd6 21. Rc2
1/2-1/2

[Event "GBR-ch 103th"]
[Site "Bournemouth"]
[Date "2016.07.30"]
[Round "6.16"]
[White "Brown, Martin"]
[Black "Menadue, Jeremy FS"]
[Result "1-0"]
[WhiteElo "2252"]
[BlackElo "2034"]
[PlyCount "95"]
[EventDate "2016.07.25"]
[EventType "swiss"]
[EventRounds "11"]
[EventCountry "GBR"]

1. e4 Nf6 2. e5 Nd5 3. d4 d6 4. Nf3 g6 5. Bc4 Nb6 6. Bb3 Bg7 7. Qe2 O-O 8. h3
Nc6 9. O-O Na5 10. Bf4 Nxb3 11. axb3 a6 12. c4 Bf5 13. Rd1 Bxb1 14. Raxb1 c6
15. e6 h6 16. Bd2 Nc8 17. exf7+ Kxf7 18. d5 Qd7 19. Bc3 Bxc3 20. bxc3 e5 21. c5
Kg7 22. b4 Re8 23. c4 b6 24. Qe4 bxc5 25. bxc5 dxc5 26. dxc6 Qf5 27. Rb7+ Kf6
28. Qh4+ g5 29. Qxh6+ Qg6 30. Qxg6+ Kxg6 31. Rdd7 a5 32. Rg7+ Kf5 33. Nxg5 e4
34. Nh7 a4 35. Rg5+ Ke6 36. Rb2 a3 37. Ra2 Nd6 38. Rxc5 Reb8 39. Ng5+ Kf6 40.
c7 Rb2 41. Rxa3 Rxa3 42. Nxe4+ Nxe4 43. Rc6+ Ke5 44. c8=Q Ra1+ 45. Kh2 Rbb1 46.
Qe6+ Kf4 47. Qg4+ Ke5 48. Re6+ 1-0

[Event "GBR-ch 103th"]
[Site "Bournemouth"]
[Date "2016.07.30"]
[Round "6.17"]
[White "Zhang, Anthony Y"]
[Black "Harvey, Marcus R"]
[Result "1-0"]
[WhiteElo "2149"]
[BlackElo "2324"]
[PlyCount "73"]
[EventDate "2016.07.25"]
[EventType "swiss"]
[EventRounds "11"]
[EventCountry "GBR"]

1. d4 e6 2. Nf3 c5 3. c4 cxd4 4. Nxd4 Nf6 5. Nc3 d5 6. Bg5 e5 7. Nc2 d4 8. Nd5
Be7 9. Bxf6 Bxf6 10. e3 Nc6 11. Bd3 dxe3 12. Ncxe3 Qa5+ 13. Qd2 Qxd2+ 14. Kxd2
Bd8 15. b4 O-O 16. h4 f5 17. f4 exf4 18. Nc2 Ne5 19. Rae1 Nxd3 20. Kxd3 b5 21.
Nd4 bxc4+ 22. Kxc4 Bb6 23. Ne7+ Kf7 24. Nexf5 Rd8 25. h5 Kf6 26. g4 Ba6+ 27. b5
Rac8+ 28. Kb3 Bxd4 29. Nxd4 Rxd4 30. bxa6 Rc6 31. h6 g6 32. g5+ Kf7 33. Re5 Re6
34. Rb5 f3 35. Rb7+ Re7 36. Rf1 Rf4 37. Re1 1-0

[Event "GBR-ch 103th"]
[Site "Bournemouth"]
[Date "2016.07.30"]
[Round "6.18"]
[White "Bridge, Neil A"]
[Black "Kalaiyalahan, Akshaya"]
[Result "1-0"]
[WhiteElo "2044"]
[BlackElo "2288"]
[PlyCount "81"]
[EventDate "2016.07.25"]
[EventType "swiss"]
[EventRounds "11"]
[EventCountry "GBR"]

1. d4 Nf6 2. c4 g6 3. Nc3 Bg7 4. e4 d6 5. h3 O-O 6. Bg5 c5 7. d5 e6 8. Bd3 exd5
9. cxd5 Nbd7 10. Nf3 a6 11. a4 Re8 12. O-O h6 13. Bf4 Qe7 14. Qd2 Kh7 15. Rfe1
Ne5 16. Nxe5 dxe5 17. Be3 b6 18. Rec1 Rd8 19. f3 a5 20. Bb5 Ba6 21. Kh2 Bxb5
22. Nxb5 Ne8 23. Qe2 Nd6 24. b4 axb4 25. a5 Qb7 26. axb6 Rxa1 27. Rxa1 Qxb6 28.
Nxd6 Rxd6 29. Qc4 Rd7 30. Bxc5 Qf6 31. Be3 Bf8 32. Ra8 Be7 33. Ra6 Qh4 34. g3
Qh5 35. Kg2 f5 36. d6 Bf8 37. Ra8 Kg7 38. Qe6 Rf7 39. Qxe5+ Kh7 40. Rxf8 Rxf8
41. Bd4 1-0

[Event "GBR-ch 103th"]
[Site "Bournemouth"]
[Date "2016.07.30"]
[Round "6.19"]
[White "Mason, Donald J"]
[Black "Storey, Charles H"]
[Result "0-1"]
[WhiteElo "2143"]
[BlackElo "2256"]
[PlyCount "92"]
[EventDate "2016.07.25"]
[EventType "swiss"]
[EventRounds "11"]
[EventCountry "GBR"]

1. e4 c5 2. Nc3 g6 3. f4 Bg7 4. Nf3 Nc6 5. Bb5 Nd4 6. O-O Nxb5 7. Nxb5 b6 8. d3
a6 9. Nc3 Bb7 10. Qe1 d5 11. e5 e6 12. d4 Ne7 13. Be3 Qc7 14. a4 Nf5 15. g4
Nxe3 16. Qxe3 h5 17. g5 Bf8 18. Ne2 a5 19. Nc3 Ba6 20. Rfd1 cxd4 21. Nxd4 Bc5
22. Kg2 Rc8 23. Rac1 Qd7 24. Qf3 Bxd4 25. Rxd4 Rc5 26. Rcd1 O-O 27. R1d2 Qc7
28. Qe3 Rc8 29. Kf2 Bc4 30. h4 Qb7 31. Nd1 Ba6 32. c3 b5 33. b4 axb4 34. cxb4
Rc4 35. a5 Qe7 36. Qb3 Qa7 37. Qb2 R8c6 38. Ne3 Rc1 39. Kg2 Re1 40. Kf2 Rh1 41.
Kg3 Rcc1 42. Rc2 Rb1 43. Qc3 Rb3 44. Qd2 Rhb1 45. Rc5 R1b2 46. Qc1 Rxb4 0-1

[Event "GBR-ch 103th"]
[Site "Bournemouth"]
[Date "2016.07.30"]
[Round "6.20"]
[White "Kalavannan, Koby"]
[Black "Rudd, Jack"]
[Result "1-0"]
[WhiteElo "2131"]
[BlackElo "2213"]
[PlyCount "75"]
[EventDate "2016.07.25"]
[EventType "swiss"]
[EventRounds "11"]
[EventCountry "GBR"]

1. d4 Nf6 2. c4 e6 3. Nf3 c5 4. d5 exd5 5. cxd5 d6 6. Nc3 g6 7. h3 Bg7 8. Bf4
O-O 9. e3 Na6 10. Be2 Nc7 11. a4 b6 12. O-O a6 13. Ng5 Qe7 14. Bf3 Bb7 15. Qb3
Nd7 16. Nge4 Ne8 17. Nd2 Rb8 18. Nc4 Ba8 19. Rad1 f5 20. Rfe1 g5 21. Bh2 Ne5
22. Bxe5 Bxe5 23. Nxe5 Qxe5 24. e4 f4 25. Bg4 Nf6 26. Be6+ Kg7 27. Nb1 b5 28.
Nd2 bxa4 29. Qxa4 Rb4 30. Qxa6 Bb7 31. Qa5 Bc8 32. Nf3 Qxb2 33. Qc7+ Bd7 34. e5
dxe5 35. Rxe5 Rc8 36. Qd6 Bxe6 37. Rxg5+ Kh8 38. Ne5 1-0

[Event "GBR-ch 103th"]
[Site "Bournemouth"]
[Date "2016.07.30"]
[Round "6.21"]
[White "Miller, Dominic"]
[Black "Brooks, Phil J"]
[Result "1/2-1/2"]
[WhiteElo "1783"]
[BlackElo "2190"]
[PlyCount "77"]
[EventDate "2016.07.25"]
[EventType "swiss"]
[EventRounds "11"]
[EventCountry "GBR"]

1. c4 e6 2. g3 d5 3. Bg2 dxc4 4. Qa4+ Nd7 5. Qxc4 a6 6. d4 c5 7. Nf3 b5 8. Qc2
Bb7 9. dxc5 Bxc5 10. O-O Ngf6 11. Bg5 Qb6 12. Nbd2 O-O 13. Rac1 Rac8 14. Qb1 h6
15. Bxf6 Nxf6 16. Ne5 Rfd8 17. Nd3 Bxg2 18. Kxg2 Qb7+ 19. Nf3 Bb6 20. Rxc8 Rxc8
21. Rc1 Ne4 22. Rxc8+ Qxc8 23. e3 Qb7 24. Qd1 Qd5 25. Qb3 Qf5 26. Qc2 Qd5 27.
Nb4 Qb7 28. Qc6 Qxc6 29. Nxc6 Kf8 30. Nfe5 Bc7 31. Kf3 f5 32. Ke2 Bxe5 33. Nxe5
Ke7 34. f3 Nc5 35. Nd3 Kd6 36. Kd2 a5 37. Nxc5 Kxc5 38. Kc3 e5 39. a3 1/2-1/2

[Event "GBR-ch 103th"]
[Site "Bournemouth"]
[Date "2016.07.30"]
[Round "6.22"]
[White "Starley, Robert"]
[Black "Jones, Steven A"]
[Result "1-0"]
[WhiteElo "2001"]
[BlackElo "2186"]
[PlyCount "33"]
[EventDate "2016.07.25"]
[EventType "swiss"]
[EventRounds "11"]
[EventCountry "GBR"]

1. e4 e5 2. Nf3 Nc6 3. Bb5 f5 4. d3 fxe4 5. dxe4 Nf6 6. O-O Bc5 7. Nc3 O-O 8.
Bg5 d6 9. Nd5 Kh8 10. c3 Ne7 11. Nxf6 gxf6 12. Bh6 Rg8 13. Bc4 Rg6 14. Bd2 Bh3
15. Nh4 Rg4 16. Qf3 Nf5 17. Qxh3 1-0

[Event "GBR-ch 103th"]
[Site "Bournemouth"]
[Date "2016.07.30"]
[Round "6.23"]
[White "Oyama, Akito"]
[Black "Zhu, Richard"]
[Result "1-0"]
[WhiteElo "2183"]
[BlackElo "1905"]
[PlyCount "119"]
[EventDate "2016.07.25"]
[EventType "swiss"]
[EventRounds "11"]
[EventCountry "GBR"]

1. e4 c5 2. Nc3 e6 3. f4 d5 4. Nf3 dxe4 5. Nxe4 Nc6 6. g3 Nf6 7. Nf2 b6 8. Bg2
Bb7 9. O-O Bd6 10. b3 O-O 11. Bb2 Qe7 12. Nd3 Rad8 13. Qe2 Bb8 14. c4 h6 15.
Rad1 Nd4 16. Nxd4 cxd4 17. Ne5 Bxg2 18. Qxg2 Bxe5 19. fxe5 Nh7 20. d3 Rd7 21.
Rf4 Qc5 22. Re1 Rfd8 23. Rg4 Qa5 24. Qe2 Qxa2 25. b4 a5 26. Ra1 Qb3 27. bxa5
bxa5 28. Rxa5 Rb8 29. Bc1 Rdb7 30. Ra2 Qc3 31. Rc2 Qa1 32. Kg2 Rb1 33. Ra2 Qc3
34. Bd2 R8b2 35. Bxc3 dxc3 36. Kf3 Rxe2 37. Rxe2 Ng5+ 38. Ke3 Rb2 39. Rf4 c2
40. Rf1 f5 41. Rc1 Nf7 42. Kd4 Ng5 43. Kc3 Rb8 44. Kxc2 h5 45. Kc3 Nf7 46. d4
Rd8 47. Ra1 Ng5 48. c5 Ne4+ 49. Kc4 g5 50. Ra7 g4 51. Rb2 h4 52. c6 hxg3 53. c7
Rc8 54. Rb8 g2 55. Rxc8+ Kg7 56. Rg8+ Kh6 57. c8=Q Nd2+ 58. Kb5 g1=B 59. Qf8+
Kh5 60. Rh7# 1-0

[Event "GBR-ch 103th"]
[Site "Bournemouth"]
[Date "2016.07.30"]
[Round "6.24"]
[White "Hackner, Oskar A"]
[Black "Lentzos, Ioannis"]
[Result "1-0"]
[WhiteElo "2156"]
[BlackElo "2016"]
[PlyCount "129"]
[EventDate "2016.07.25"]
[EventType "swiss"]
[EventRounds "11"]
[EventCountry "GBR"]

1. d4 Nf6 2. c4 e6 3. Nc3 Bb4 4. f3 O-O 5. e4 d5 6. cxd5 exd5 7. e5 Nfd7 8. a3
Bxc3+ 9. bxc3 f6 10. exf6 Qxf6 11. Bd3 Nb6 12. Ne2 Bf5 13. Bf4 Rf7 14. Be5 Qg5
15. Bxf5 Qxf5 16. Ng3 Qd7 17. O-O Nc6 18. f4 Nc4 19. Qd3 b5 20. Rf3 Raf8 21.
Qe2 a5 22. h3 b4 23. axb4 axb4 24. Rb1 bxc3 25. Rxc3 N4xe5 26. dxe5 Rxf4 27.
Qb5 Nxe5 28. Qxd7 Nxd7 29. Rxc7 R4f7 30. Nf5 Rd8 31. Nd6 Re7 32. Rbb7 Kf8 33.
Nf5 Rf7 34. Nd4 Ke8 35. Ne6 Rb8 36. Nxg7+ Kf8 37. Ne6+ Ke8 38. Ra7 Rb1+ 39. Kh2
Rb6 40. Ng5 Rg7 41. Ra8+ Ke7 42. Rxd7+ Kxd7 43. Ra7+ Ke8 44. Rxg7 h6 45. Nf3
Rd6 46. Nd4 Ra6 47. Rh7 Ra4 48. Nf5 Rf4 49. g4 d4 50. Rxh6 d3 51. Rd6 Rf2+ 52.
Kg3 Rd2 53. h4 Kf7 54. g5 Rd1 55. Ne3 Rg1+ 56. Kh2 Re1 57. g6+ Kf8 58. Nf5 Re8
59. Rxd3 Kg8 60. Rd7 Kh8 61. Kg3 Ra8 62. Kf4 Re8 63. Rh7+ Kg8 64. Nh6+ Kf8 65.
Rf7# 1-0

[Event "GBR-ch 103th"]
[Site "Bournemouth"]
[Date "2016.07.30"]
[Round "6.25"]
[White "Nelson, Jonathan P"]
[Black "Shepherd, Katherine M"]
[Result "1-0"]
[WhiteElo "2207"]
[BlackElo "1932"]
[PlyCount "73"]
[EventDate "2016.07.25"]
[EventType "swiss"]
[EventRounds "11"]
[EventCountry "GBR"]

1. e4 e6 2. d4 d5 3. Nc3 dxe4 4. Nxe4 Nd7 5. Nf3 Ngf6 6. Nxf6+ Nxf6 7. Ne5 c5
8. Bb5+ Bd7 9. Nxd7 Nxd7 10. O-O a6 11. Bxd7+ Qxd7 12. Be3 Rc8 13. c3 Be7 14.
Qg4 O-O 15. Rfd1 c4 16. Re1 Bf6 17. Re2 Qb5 18. Bf4 Rfd8 19. Rae1 Rc6 20. h4 g6
21. Be5 Bxe5 22. dxe5 Qa4 23. Qg5 Rd1 24. Kh2 Rxe1 25. Qd8+ Kg7 26. Qf6+ Kf8
27. Rxe1 Qc2 28. Re3 Ke8 29. Rf3 Rc7 30. Qh8+ Ke7 31. Qxh7 Ke8 32. Qg8+ Kd7 33.
Rxf7+ Kc6 34. Qe8+ Kb6 35. Qd8 Qe4 36. Qxc7+ Kb5 37. Qxb7+ 1-0